000 01028nam a2200277Ia 4500
003 OSt
005 20221005103503.0
006 a|||||r|||| 00| 0
007 ta
008 221004b |||||||| |||| 00| 0 san d
020 _a9789381953242 (hbk)
_cINR 750.00
024 _a41286
037 _b928/19, 29/01/2019, Literacy House
_cTextual
040 _aCRL
_cCRL
_bsan
041 _2san
_asan
082 _aO15,1A1:g, 152Q6
100 _aशर्मा, रामप्रकाश, ले.
245 0 _aअद्भुत रामायण
_b एक अध्ययन
246 _aAdbhut rāmāyaṇa: ek adhyayana
260 _aजयपुर
_bरचना प्रकाशन भारत
_c2016
300 _a280पृ0
_ccm.
650 _a संस्कृत साहित्य
650 _aरामायण
942 _hO15,1A1:g, 152Q6
_cTEXL
_2cc
999 _c1010171
_d1010171